Statistics for Countries with a AAA Credit Rating

Click here to take the quiz!

General Stats

  • This quiz has been taken 31,347 times
    (31,034 since last reset)
  • The average score is 8 of 10

Answer Stats

Country% Correct
Sweden
91%
Norway
90%
Germany
88%
Denmark
87%
Canada
86%
Switzerland
86%
Australia
80%
Netherlands
77%
Luxembourg
72%
Singapore
60%

Score Distribution

Percentile by Number Answered

Percent of People with Each Score

Your Score History

You have not taken this quiz since the last reset